000 00683nam a22002417a 4500
005 20170124110045.0
010 _a389030
020 _c00.00
035 _a389030
037 _bCen Lib/Ret
040 _aDPL
_bEN
082 _a747
_bLOV
100 _aLovegrove, A. Vernon
_924334
245 _aHouse decoration /
_cby A.Venon Lovegrove
260 _bEvans Brothers Limited
_aLondon
_c1962
270 _aMontague House, Russell Square
300 _a160p. :
_c19cm(Hb)
_bill.
490 _aEvans practical handbooks.
500 _aIncludes index
650 _aDecoration.
_973822
650 _aPainting and decoration
_929829
942 _2ddc
_cEN
_h747
_mLOV
999 _c128754
_d128754